000 00867nam a2200289Ia 4500
003 OSt
005 20221007111659.0
006 a|||||r|||| 00| 0
007 ta
008 221006b |||||||| |||| 00| 0 eng d
024 _a24,080
037 _cTextual
040 _aLCO
_cLCO
_beng
041 _2eng
_aeng
082 _aX5:5:(Z73y7), M1
100 _aOppenheim S.Chesterfield
_9126612
245 0 _aFederal Antitrust Laws
_bCases,Text, And Commentary
250 _a4th
260 _aSt.
_bPaul Minn West Publishing Co. U.S.A.
_c1981
300 _a1168
500 _aAmerican Case Book Series
650 _aANTITRUST
_9473518
700 _a McCarthy J.Thomas
700 _a Weston Glen E.
_9708430
942 _hX5:5:(Z73y7), M1
_cTEXL
999 _c1193643
_d1193643